| 000 | 00538nam a22001577a 4500 | ||
|---|---|---|---|
| 082 | _a004 | ||
| 100 | _aHaider, Aqeel | ||
| 245 |
_aTowards Making Semantic Web more Collaborative for Novice users / _cAqeel Haider |
||
| 260 |
_aIslamabad : _bMCS - NUST, _c2014. |
||
| 300 |
_a73 p. ; _c30cm. |
||
| 650 |
_aMS-Computer Software Engineering- _929291 |
||
| 700 |
_aSupervisor. Arif Raza _9126554 |
||
| 856 | _uhttp://10.250.8.41:8080/xmlui/handle/123456789/12281 | ||
| 942 |
_2ddc _cSC |
||
| 999 |
_c540901 _d540901 |
||